000
00330nam a2200145Ia 4500
008
230718s9999 xx 000 0 und d
041
_a
Eng.
082
_a
342.4306
_b
SWB-A
100
_a
Swbastain, V.D
245
0
_a
Administrative Law
260
_a
Pakistan
_b
Lexis Nexis
_c
2016
300
_a
284
650
_a
Law
999
_c
31364
_d
31364